000 00646cam a22002173a 4500
001 37665
003 PGUSA
005 20140828083827.0
008 111008s2011||||xxu|||||s|||||000 | eng d
040 _aPGUSA
_beng
042 _adc
100 1 _aBorrow, George,
_d1803-1881
245 1 0 _aWild Wales :
_bThe People, Laguage and Scenery
_h[electronic resource] /
_cGeorge Borrow
260 _bProject Gutenberg,
_c2011
506 _aPublic domain in the USA.
516 _aElectronic text
700 1 _aWatts-Dunton, Theodore,
_d1832-1914
830 0 _aProject Gutenberg
_v37665
856 4 0 _uhttp://www.gutenberg.org/ebooks/37665
942 _cEB
999 _c266919
_d266919